Flores de humo (Record no. 23373)
[ view plain ]
| 000 -LEADER | |
|---|---|
| campo de control de longitud fija | 00451nam a2200145 i 4500 |
| 001 - NÚMERO DE CONTROL | |
| campo de control | 23373 |
| 003 - IDENTIFICADOR DE NÚMERO DE CONTROL | |
| campo de control | ES-MaACL |
| 007 - CAMPO FIJO DE DESCRIPCIÓN FÍSICA--INFORMACIÓN GENERAL | |
| campo de control de longitud fija | t| |
| 008 - DATOS DE LONGITUD FIJA--INFORMACIÓN GENERAL | |
| campo de control de longitud fija | 021210s1939 ag ||||1| spa d |
| 100 1# - ENTRADA PRINCIPAL--NOMBRE DE PERSONA | |
| Nombre de persona | Alvarez de Estrada, Juan. |
| 9 (RLIN) | 20757 |
| 245 10 - MENCIÓN DEL TÍTULO | |
| Título | Flores de humo |
| Resto del título | : (poesías) / |
| Mención de responsabilidad, etc. | Juan Alvarez de Estrada. |
| 260 ## - PUBLICACIÓN, DISTRIBUCIÓN, ETC. | |
| Lugar de publicación, distribución, etc. | Buenos Aires : |
| Nombre del editor, distribuidor, etc. | [s.n., |
| Fecha de publicación, distribución, etc. | 1939] ( |
| Fabricante | Tall. Graf. de la Editorial Perlado) |
| 300 ## - DESCRIPCIÓN FÍSICA | |
| Extensión | 102 p. ; |
| Dimensiones | 18 cm. |
| 852 ## - LOCALIZACIÓN | |
| Ubicación | ES-MaACL |
| Número de control de estantería | B-9500 |
| Sublocalización o colección | R.18192 |
| Estatus retirado | Estado de pérdida | Estado de daño | No para préstamo | Biblioteca de origen | Biblioteca actual | Ubicación en estantería | Fecha de adquisición | Fuente de adquisición | Total de préstamos | Signatura topográfica completa | Código de barras | Visto por última vez | Precio de reemplazo | Tipo de ítem Koha |
|---|---|---|---|---|---|---|---|---|---|---|---|---|---|---|
| Biblioteca del Ateneo de Madrid | Biblioteca del Ateneo de Madrid | Sala Pardo Bazán | 17/01/2008 | B-9500 | 1024079 | 23/02/2023 | 23/02/2023 | Libro impreso |
